Statistics for YA BOOK QUIZ 2021!

Click here to take the quiz!

General Stats

  • This quiz has been taken 164 times
  • The average score is 6 of 13

Answer Stats

DescriptionAnswer% Correct
The country of panem hold an annual event where a select few people from the districts involuntarily compete in a competition in order to live.The hunger games
95%
A girl meets a vampire at school when she moves out of Arizona and in with her dad. It is a love story with a bite.twilight
86%
Five strangers walk into a detention and only four of them walk out alive. Everyone has a reason to have done it, everyone is a suspect and everyone wants to hide. One is the brain, one is the jock, one is the beauty and one is the criminal. Now, one is dead too.One of us is lying
82%
The life story of a hollywood movie icon is told by a previously unknown magazine reporter, called Monique Grant. It goes through each of her marriages and divorces.The seven husbands of evelyn hugo
71%
A group of four friends stay at their families' island each summer. Something bad happens, but nobody will tell the main character what after she suffers from mental issues. The ending is crazy.we were liars
60%
Retelling of a classic greek tale, The relationship between an awkward young prince who was exiled into the land of a boy, very fitting to be a prince. They become best friends.The song of achilles
56%
A novel which captures the sudden rise of a rock band in the 1970s, and their infamous lead singer. It reveals the mystery behind their break up and what was really happening behind the scenes.Daisy jones and the six
38%
A group of private school boys go on a long hunt to find the body of a dead welsh king.the raven boys
28%
This novel goes through the up and downs of Connell and Marianne's relationship and follows them as they navigate their lives from school through university.Normal people
26%
A lonesome mexican boy finally gets a friend, who teaches him how to swim. They both have unique and strange names. They spend all their time together, drawing, reading and swimming.Aristotle and dante discover the secrets of the universe.
24%
This takes place at a famous private school, where a murderous scandal occured eighty years previously. A new student must figure out what happened in one of the greatest unsolved crimes of american History, where the school-owners wife and child mysteriously disappeared.truly devious
19%
There is a popular and horrendously wealthy group of students who invite a few others to a manor house each year for a fun weekend of bloodsports.STAGS
4%
A boy with tuberculosis is moved from the comfortable setting of his hometown and into a hospice where he meets others just like him. They form a tight-knit group, and before you know it, a cure is discovered.extraordinary means
2%

Score Distribution

Percentile by Number Answered

Percent of People with Each Score

Your Score History

You have not taken this quiz